00340nam a22001217a 4500082003000000100002600030245005100056250001200107260002700119300002700146526003700173650000800210 a666.893bMUGcL-19, P-74. aMughal Muhammad Ilyas aConcrete TechnologycDr. Muhammad Ilyas Mughal a1st ed, aLahore : bAzizc1986. a136 p. :bill,c18 cm. a0b0c0d666_893000000000000_MUG aMCE